| 000 | 01490cam a22004097a 4500 | ||
|---|---|---|---|
| 001 | 000078399 | ||
| 003 | CHAP | ||
| 005 | 20220329141918.0 | ||
| 008 | 980528d1997 mx o r 00010 spa d | ||
| 010 | _a75634 | ||
| 011 | _a76606 | ||
| 035 | _a86192 | ||
| 040 | _cCHAP | ||
| 082 | 0 | 4 |
_a634.775 _bC6g |
| 111 | 0 | 0 |
_aCongreso Nacional sobre Cactáceas _n(1 : _d1997 : _cMontecillo, Méx.) _927121 |
| 245 | 1 | 0 |
_aGuía de excursión botánica al Valle de Tehuacán-Cuicatlán / _c/coord. por Alfonso Valiente-Banuet y Salvador Arias. |
| 260 |
_aMontecillo, Méx. : _bColegio de Postgraduados, _c1997. |
||
| 300 |
_a20 p. : _bfotografías. |
||
| 590 |
_aBATCH-UPD _b10 _c20130110 _lUCH01 _h0353 |
||
| 590 |
_aBATCH-UPD _b10 _c20130110 _lUCH01 _h1958 |
||
| 590 |
_aBATCH-UPD _b10 _c20130410 _lUCH01 _h0027 |
||
| 590 |
_aBATCH-UPD _b10 _c20130914 _lUCH01 _h0356 |
||
| 590 |
_aCONVERSION _b10 _c20130109 _lUCH01 _h1341 |
||
| 590 |
_aE12093SGE _b10 _c20150325 _lUCH01 _h1005 |
||
| 650 | 1 | 4 |
_aBotánica _xPuebla. _914608 |
| 650 | 1 | 4 |
_aCactáceas _xCongresos. _916999 |
| 650 | 1 | 4 |
_aCactáceas _zPuebla. _917025 |
| 700 | 0 |
_aArias, Salvador _ecoord. _97081 |
|
| 700 | 0 |
_aValiente-Banuet, Alfonso _ecoord. _9117555 |
|
| 901 | _aBK | ||
| 905 | _aLilia Sánchez G. | ||
| 942 | _cLIBRO | ||
| 942 | _n0 | ||
| 949 |
_a634.775 C6g _bBC _cCONG _d861922 _eCONG _fc.2 _h93115 _i86192 _sb |
||
| 949 |
_a634.775 C6g _bBC _cESP _d861921 _eESP _h93414 _i86192 _sb |
||
| 949 |
_a634.775 C6g _bBC _cUACH _d861923 _eUACH _fc.3 _h93416 _i86192 _sb |
||
| 999 |
_c75634 _d75634 |
||